Statistics for Provinces of Vanuatu

Click here to take the quiz!

General Stats

  • This quiz has been taken 389 times
  • The average score is 4 of 6

Answers on the Map

Answers color-coded by a green-red scale on the quiz's map according to % correct below.
 

Answer Stats

Province% Correct
Malampa
79%
Torba
77%
Pénama
74%
Sanma
74%
Shéfa
71%
Taféa
71%

Score Distribution

Percentile by Number Answered

Percent of People with Each Score

Your Score History

You have not taken this quiz